| 000 | 00935nam a2200253 a 4500 | ||
|---|---|---|---|
| 008 | |||
| 020 | _a9782869782006 (pbk. ) | ||
| 049 | _aMAIN | ||
| 090 |
_aJV8820 _bNEO |
||
| 100 | 1 | _aNeocosmos, Michael. | |
| 245 | 1 | 0 |
_aFrom 'Foreign Natives' to 'Native Foreigners' explaining xenophobia in post- Apartheid South Africa : _bcitizenship and nationalism, identity and politics / _cMichael Neocosmos. |
| 260 |
_aDakar : _bCouncil for the Development of Social Science Research in Africa, _c2006. |
||
| 300 |
_avii, 150 p. : _bill. ; _c22 cm. |
||
| 504 | _alncludes bibliographical references. | ||
| 650 |
_aEmigration and immigration _xgovernment policy. |
||
| 650 |
_aXenophobia _zSouth Africa. |
||
| 650 | _aNationalism. | ||
| 650 | 1 | _aCitizenship. | |
| 907 |
_a.b10308209 _b22-02-12 _c16-02-12 |
||
| 003 | |||
| 005 | 20230123125408.0 | ||
| 040 | _cNUST | ||
| 942 |
_cBOOKS _kJV8820 _mNEO |
||
| 999 |
_c140782 _d140782 |
||